000 00742nas a2200265 4500
001 BR9505405
003 BR-BrBNA
005 20231205094206.0
007 ta
008 230509b bl.|||p| |||| 00| 00por d
040 _aBR-BrBNA
_bpor
_cBiblioteca Nacional de Agricultura
041 _a(Pt)
072 _aE12; U10
100 1 _aAraujo, P.F.C. de
100 1 _aBach, G.T.
100 1 _aShirofa, R.
100 1 _aBurnquist, H.L.
100 1 _aYamaguishi, C.T.
245 1 _aMercado de trabalho na agricultura. Parte 2
650 _aMercado de Trabalho
650 _aModelo Matematico
773 0 _tAgricultura (Brazil)
_x
_g(1986), v. 6(1-2) p. 1-7
_wBR9505405
909 _a202311
_bLúcia
_c55
_dLúcia Elande
942 _2AGRIS
_n0
_cANA
999 _c142676
_d142676